000 00728cam a2200169 a 4500
020 _a9291180025
040 _cDLC
082 0 0 _a630 ISN 1992
245 0 0 _aFuture challenges for national agricultural research :
_ba policy dialogue : proceedings of the international conference, challenges and opportunities for the NARS in the year 2000, a policy dialogue, Berlin, 12-18 January 1992 /
260 _aThe Hague, The Netherlands :
_bISNAR,
_c1992.
300 _avii, 172 p. :
_bill. ;
_c25 cm.
650 0 _aNational agricultural research systems
650 0 _aAgriculture
710 2 _aInternational Service for National Agricultural Research.
710 2 _aDeutsche Stiftung für Internationale Entwicklung.
942 _cAEDBB
999 _c11280
_d11280